Islamic designs = Islamische designs = Motisfs islamiques = Disegni islamic = Motivos islamicos = Desenhos islamicos (Record no. 352890)
[ view plain ]
| 000 -LEADER | |
|---|---|
| fixed length control field | 01590 a2200265 4500 |
| 003 - CONTROL NUMBER IDENTIFIER | |
| control field | OSt |
| 005 - DATE AND TIME OF LATEST TRANSACTION | |
| control field | 20180116192350.0 |
| 008 - FIXED-LENGTH DATA ELEMENTS--GENERAL INFORMATION | |
| fixed length control field | 120601t xxu||||| |||| 00| 0 eng d |
| 020 ## - INTERNATIONAL STANDARD BOOK NUMBER | |
| International Standard Book Number | 9789057681219 (paperback) |
| 020 ## - INTERNATIONAL STANDARD BOOK NUMBER | |
| International Standard Book Number | 9789057681219 (paperback) |
| 040 ## - CATALOGING SOURCE | |
| Transcribing agency | 0 |
| 082 04 - DEWEY DECIMAL CLASSIFICATION NUMBER | |
| Classification number | 745.40 |
| 100 1# - MAIN ENTRY--PERSONAL NAME | |
| Personal name | Press, Pepin. |
| 9 (RLIN) | 3358 |
| 245 10 - TITLE STATEMENT | |
| Title | Islamic designs = Islamische designs = Motisfs islamiques = Disegni islamic = Motivos islamicos = Desenhos islamicos |
| Statement of responsibility, etc. | Pepin Press. |
| 250 ## - EDITION STATEMENT | |
| Edition statement | Pap/Cdr Mu ed. |
| 260 ## - PUBLICATION, DISTRIBUTION, ETC. | |
| Place of publication, distribution, etc. | Amsterdam : |
| Name of publisher, distributor, etc. | Pepin Press, |
| Date of publication, distribution, etc. | 2009. |
| 300 ## - PHYSICAL DESCRIPTION | |
| Extent | 143 p. : |
| Other physical details | ill. ; |
| Dimensions | 22 cm. |
| 490 1# - SERIES STATEMENT | |
| Series statement | Agile rabbit editions. |
| 520 ## - SUMMARY, ETC. | |
| Summary, etc. | The culture of the Muslim world has developed a very specific type of ornamental design, which is grounded in the religious demands of Islam. The visual language of Islamic design employs a variety of intricate geometric patterns, floral elements and ornate calligraphy, all of which are used to decorate manuscripts, textiles, furniture, buildings, etc. ISLAMIC DESIGNS presents a diverse collection of designs, ranging from simple and elegant elements to complex and highly ornate interlocking patterns. The present book is a completely revised, enlarged and improved version of an earlier Agile Rabbit edition with the same title. |
| 650 10 - SUBJECT ADDED ENTRY--TOPICAL TERM | |
| Topical term or geographic name entry element | Islamic decoration and ornament |
| 9 (RLIN) | 3359 |
| 830 #0 - SERIES ADDED ENTRY--UNIFORM TITLE | |
| Uniform title | Agile rabbit editions. |
| 9 (RLIN) | 3360 |
| 856 40 - ELECTRONIC LOCATION AND ACCESS | |
| Materials specified | Amazon.com |
| Uniform Resource Identifier | <a href="http://www.amazon.com/exec/obidos/ASIN/9057681218/chopaconline-20">http://www.amazon.com/exec/obidos/ASIN/9057681218/chopaconline-20</a> |
| 942 ## - ADDED ENTRY ELEMENTS (KOHA) | |
| Institution code [OBSOLETE] | SADA |
| Koha item type | Book |
| Call number prefix | 745.40 PEP 2009 |
| Source of classification or shelving scheme | |
| Withdrawn status | Lost status | Source of classification or shelving scheme | Damaged status | Not for loan | Permanent Location | Current Location | Date acquired | Total Checkouts | Total Renewals | Full call number | Barcode | Date last seen | Date last checked out | Copy number | Cost, replacement price | Price effective from | Koha item type |
|---|---|---|---|---|---|---|---|---|---|---|---|---|---|---|---|---|---|
| School of Art Design and Architecture (SADA) | School of Art Design and Architecture (SADA) | 04/19/2011 | 3 | 2 | 745.4 PEP 2009 | SADA0000962 | 02/19/2015 | 12/04/2014 | 01 | 1853.00 | 08/05/2011 | Book | |||||
| School of Art Design and Architecture (SADA) | School of Art Design and Architecture (SADA) | 04/19/2011 | 1 | 745.4 PEP 2009 | SADA0000963 | 12/27/2012 | 12/21/2012 | 02 | 1853.00 | 08/05/2011 | Book | ||||||
| School of Art Design and Architecture (SADA) | School of Art Design and Architecture (SADA) | 09/14/2011 | 1 | CD 745.40 PEP 2009 | SADA0001570 | 02/19/2015 | 02/18/2015 | 01 | 09/15/2011 | ||||||||
| School of Art Design and Architecture (SADA) | School of Art Design and Architecture (SADA) | 09/14/2011 | CD 745.40 PEP 2009 | SADA0001571 | 01/05/2017 | 02 | 01/05/2017 |
